Hematología forense y otras técnicas serológicas (Registro nro. 2947)

Detalles MARC
000 -Cabecera
Campo de control de longitud fija 00708aam a2200253 4500
005 - Fecha y hora de la última transacción
Campo de control 20250820130738.0
008 - Elementos de longitud fija--Información general
Campo de control de longitud fija 150618b2009 xxu||||| |||| 00| 0 spa d
020 ## - International Standard Book Number
Número Internacional Estándar del Libro (ISBN) 9700734129
041 ## - Idioma
Código de idioma Español
082 ## - Clasificación Decimal Dewey
Número de clasificación 614.1 F825h
100 ## - Entrada principal--Autor personal
Nombre personal Franco de Ambriz, Martha
9 (RLIN) 25123
245 ## - Título propiamente dicho
Título Hematología forense y otras técnicas serológicas
260 ## - Pie de imprenta
Lugar de publicación, distribución, etc. México
300 ## - Descripción física
Extensión 130 páginas
490 ## - Serie
Título de la Serie Investigación Criminal
650 ## - Materia general
Temática (materia general) HEMATOLOGÍA
650 ## - Materia general
Temática (materia general) TEJIDO SANGUINEO
650 ## - Materia general
Temática (materia general) MUESTRA DE SANGRE
650 ## - Materia general
Temática (materia general) IDENTIFICACIÓN DE SANGRE
650 ## - Materia general
Temática (materia general) TÉCNICAS DE CONFIRMACIÓN
650 ## - Materia general
Temática (materia general) TÉCNICAS DE INMUNOELECTROFORESIS
650 ## - Materia general
Temática (materia general) GRUPO SANGUINEO
942 ## - Punto de acceso adicional KOHA
Tipo de ítem KOHA Libro
Fuente del sistema de clasificación o colocación Dewey Decimal Classification
Existencias
Signatura completa Código de barras Programa Académico Tipo de ítem
614.1 F825h 16288 Investigación Criminal Libro